Korózia súčastí moderných zliatin vo fluoridových taveninách diplomová práca

Gespeichert in:
Bibliographische Detailangaben
1. Verfasser: Hrubša, Ondrej
Format: Buch
Sprache:Slowakisch
Veröffentlicht: Bratislava STU FCHPT 2014
Online-Zugang:Im OPAC anzeigen
Tags: Tag hinzufügen
Keine Tags, Fügen Sie das erste Tag hinzu!

MARC

LEADER 00000nam a2200000 a 4500
005 20260127134411.0
008 140618 2014 000 0 slo d
035 |a vtls010604198 
039 9 |y 201406180918  |z mschk03 
040 |a STUSCHK1  |b slo  |c STUSCHK1  |e AACR2 
100 1 |a Hrubša, Ondrej 
245 1 |a Korózia súčastí moderných zliatin vo fluoridových taveninách  |b diplomová práca  |c Ondrej Hrubša 
260 |a Bratislava  |b STU FCHPT  |c 2014 
300 |a 114 s.  |b il.  |c 30 cm 
500 |a Obhájené: 9.6.2014 
500 |a Štud. program: chemické technológie 
500 |a Štud. odbor: chemické technológie 
500 |a Škol. pracovisko: Odd. anorganickej technológie 
910 |a SCHK95 
999 |c 11871  |d 11871